The epistles of John : (Record no. 7851)

MARC details
000 -LEADER
fixed length control field 01306pam a2200289 a 4500
001 - CONTROL NUMBER
control field 4800136
003 - CONTROL NUMBER IDENTIFIER
control field GBCCL
005 - DATE AND TIME OF LATEST TRANSACTION
control field 20241126110638.0
008 - FIXED-LENGTH DATA ELEMENTS--GENERAL INFORMATION
fixed length control field 880217s1988 enk b 000 0 eng
010 ## -
-- 88000772
040 ## - CATALOGING SOURCE
Original cataloging agency DLC
Transcribing agency DLC
Modifying agency DLC
050 00 -
-- BS2805.3
-- .S74 1988
082 00 - DEWEY DECIMAL CLASSIFICATION NUMBER
Classification number 225.7
Edition information 19
Item number TYN
100 1# - MAIN ENTRY--PERSONAL NAME
Personal name Stott, John R. W.
9 (RLIN) 325
245 14 - TITLE STATEMENT
Title The epistles of John :
Remainder of title an introduction and commentary /
Statement of responsibility, etc. by John R.W. Stott.
250 ## - EDITION STATEMENT
Edition statement 2nd ed.
260 ## - PUBLICATION, DISTRIBUTION, ETC.
Place of publication, distribution, etc. London :
Name of publisher, distributor, etc. Tyndale Press ;
Date of publication, distribution, etc. 1964
300 ## - PHYSICAL DESCRIPTION
Extent 230 p. ;
Dimensions 20 cm.
440 #4 - SERIES STATEMENT/ADDED ENTRY--TITLE
Title The Tyndale New Testament commentaries ;
Volume/sequential designation 19
9 (RLIN) 13694
500 ## - GENERAL NOTE
General note Rev. ed. of: The Epistles of John. 1964.
504 ## - BIBLIOGRAPHY, ETC. NOTE
Bibliography, etc. note Incudes bibliographical references.
505 ## - FORMATTED CONTENTS NOTE
Formatted contents note v.1 Matthew.-- v.2 Mark.-- v.3 Luke.-- v.4 John.-- v.5 Acts.-- v.6 Romans.-- v.7 I Corinthians.-- v.8 II Corinthians.-- v.9 Galatians.-- v.10 Ephesians.-- v.11 Philippians.-- v.12 Colossians and Philemon.-- v.13 I,II Thessalonians.-- v.14 Pastoral Epistles.-- v.15 Hebrews.-- v.16 James.-- v.17 I Peter.-- v.18 II Peter, Jude.-- v.19 I, II,III John.-- v.20 Revelation.
630 00 - SUBJECT ADDED ENTRY--UNIFORM TITLE
Uniform title Bible.
Name of part/section of a work Epistles of John
General subdivision Commentaries.
9 (RLIN) 8594
700 1# - ADDED ENTRY--PERSONAL NAME
Personal name Stott, John R. W.
Title of a work Epistles of John.
9 (RLIN) 13699
906 ## - LOCAL DATA ELEMENT F, LDF (RLIN)
a 7
b cbc
c orignew
d 1
e ocip
f 19
g y-gencatlg
942 ## - ADDED ENTRY ELEMENTS (KOHA)
Source of classification or shelving scheme Dewey Decimal Classification
Koha item type Books
Koha issues (borrowed), all copies 3
Holdings
Withdrawn status Lost status Source of classification or shelving scheme Damaged status Not for loan Home library Current Library Shelving location Date acquired Total checkouts Full call number Barcode Date last seen Date last checked out Copy number Price effective from Koha item type
    Dewey Decimal Classification     GRACE BIBLE COLLEGE GRACE BIBLE COLLEGE Biblical Studies 2018-10-10 4 225.7 TYN 004185 2025-05-01 2025-03-11 v.19 2018-10-10 Books
    Dewey Decimal Classification     GRACE BIBLE COLLEGE GRACE BIBLE COLLEGE Biblical Studies 2019-07-15   225.7 TYN 004320 2025-05-01   v.19 c.2 2019-07-15 Books
© Grace Bible College Library 2025